Normal view
MARC view
Entry Nombre personal
001 - NÚMERO DE CONTROL
- campo de control: 106447
003 - IDENTIFICADOR DE NÚMERO DE CONTROL
- campo de control: SpMaBN
005 - FECHA Y HORA DE LA ÚLTIMA TRANSACCIÓN
- campo de control: 20250808212826.0
008 - ELEMENTOS DE DATO DE LONGITUD-FIJA
- campo de control de longitud fija: 010625n| aijnnaabn |n aac
016 ## - NÚMERO DE CONTROL DE UNA AGENCIA BIBLIOGRÁFICA NACIONAL
- Número de control del registro: BNE20011544026
040 ## - FUENTE DE CATALOGACIÓN
- Centro catalogador/agencia de origen: SpMaBN
- Lengua de catalogación: spa
- Centro/agencia transcriptor: SpMaBN
- Normas de descripción: rdc
- Convención/Normas de encabezamiento de materia/tesauro: embne
100 1# - ENCABEZAMIENTO-NOMBRE DE PERSONA
- Nombre de persona: Silvestrini, Achille,
- Fechas asociadas al nombre: 1923-2019
375 ## - GÉNERO/SEXO
- Género: Masculino
